书目信息 |
| 题名: |
跨栏
|
|
| 作者: | 刘铁 编著 | |
| 分册: | ||
| 出版信息: | 北京 人民体育出版社 1981 |
|
| 页数: | 101页 | |
| 开本: | 19cm | |
| 丛书名: | ||
| 单 册: | ||
| 中图分类: | G822.6 | |
| 科图分类: | ||
| 主题词: | 跨栏跑 | |
| 电子资源: | ||
| ISBN: | ||
| 000 | 00587nam0 2200241 45 | |
| 001 | 0181009099 | |
| 005 | 20040509084630.9 | |
| 010 | @dCNY0.28 | |
| 091 | @aCN@b7015.1959 | |
| 100 | @a19950623d1981 em y0chiy0121 ea | |
| 101 | 0 | @achi |
| 102 | @aCN@b110000 | |
| 105 | @ay z 000yy | |
| 106 | @ar | |
| 200 | 10 | @a跨栏@Akua lan@f刘铁编著 |
| 210 | @a北京@c人民体育出版社@d1981 | |
| 215 | @a101页@d19cm | |
| 606 | @a跨栏跑 | |
| 690 | @aG822.6@v3 | |
| 701 | 0 | @a刘铁@Aliu tie@4编著 |
| 801 | 0 | @aCN@b上海图书馆@c20040509 |
| 801 | 2 | @aCN@bNLC@c20040509 |
| 905 | @f1@b63726@dG822.6@e1 | |
| 跨栏/刘铁编著.-北京:人民体育出版社,1981 |
| 101页;19cm |
| ISBN :CNY0.28 |
| ● |
| 相关链接 |
|
|
|
|
正题名:跨栏
索取号:G822.6/1
 
预约/预借
| 序号 | 登录号 | 条形码 | 馆藏地/架位号 | 状态 | 备注 |
| 1 | 0063726 | 000996854 | 第一样本阅览室/ [索取号:G822.6/1] | 在馆 |